<?xml version="1.0" encoding="UTF-8"?>
<collection xmlns="http://www.loc.gov/MARC21/slim">
 <record>
  <leader>00789nam a2200205   4500</leader>
  <controlfield tag="001">000008434</controlfield>
  <controlfield tag="003">4622</controlfield>
  <controlfield tag="005">20150812140836.0</controlfield>
  <controlfield tag="008">111017s                               sd</controlfield>
  <datafield tag="245" ind1="0" ind2="0">
   <subfield code="a">Cơ học môi trường liên tục</subfield>
   <subfield code="c">Xêđốp L. I.</subfield>
  </datafield>
  <datafield tag="774" ind1=" " ind2=" ">
   <subfield code="a">Xêđốp L.I.</subfield>
   <subfield code="d">H.</subfield>
   <subfield code="d">Đại học và Trung học chuyên nghiệp</subfield>
   <subfield code="d">1977</subfield>
   <subfield code="g">T.1</subfield>
   <subfield code="h">176 tr.</subfield>
   <subfield code="n">Thư mục cuối sách</subfield>
   <subfield code="t">Cơ học môi trường liên tục</subfield>
   <subfield code="w">4625</subfield>
  </datafield>
  <datafield tag="774" ind1=" " ind2=" ">
   <subfield code="a">Xêđốp L.I.</subfield>
   <subfield code="d">Đại học và Trung học chuyên nghiệp</subfield>
   <subfield code="d">H.</subfield>
   <subfield code="d">1978</subfield>
   <subfield code="g">T.2</subfield>
   <subfield code="h">537tr. hình vẽ</subfield>
   <subfield code="t">Cơ học môi trường liên tục</subfield>
   <subfield code="w">4628</subfield>
  </datafield>
  <datafield tag="OWN" ind1=" " ind2=" ">
   <subfield code="a">LSP</subfield>
  </datafield>
  <datafield tag="999" ind1=" " ind2=" ">
   <subfield code="a">From the UDN01</subfield>
  </datafield>
  <datafield tag="TYP" ind1=" " ind2=" ">
   <subfield code="a">Monograph</subfield>
  </datafield>
  <datafield tag="TYP" ind1=" " ind2=" ">
   <subfield code="a">Printed language</subfield>
  </datafield>
  <datafield tag="980" ind1=" " ind2=" ">
   <subfield code="a">Mạng thư viện Đại học Đà Nẵng</subfield>
  </datafield>
 </record>
</collection>
